| 000 | 00638nam a2200217 i 4500 | ||
|---|---|---|---|
| 001 | 47542 | ||
| 003 | ES-MaACL | ||
| 005 | 20240519063022.0 | ||
| 007 | t| | ||
| 008 | 030505s1981 mx ||||1| spa d | ||
| 020 | _a968-58-2966-7 | ||
| 080 | _a821.134.2-14"19" | ||
| 100 | 1 |
_aSegovia, Tomás, _d1927-2011 _9105153 |
|
| 245 | 1 | 0 |
_aBisutería / _cTomás Segovia. |
| 260 |
_aMéxico : _bUniversidad Nacional Autónoma de México, _c1981. |
||
| 300 |
_a113 p. ; _c19 cm. |
||
| 490 | 1 | _aCuadernos de poesía | |
| 830 | 0 |
_aCuadernos de poesía _9183624 |
|
| 852 |
_aES-MaACL _jA-2097 _bR.132304 |
||
| 999 |
_c47542 _d47542 |
||